000 00420nam a2200169Ia 4500
001 14293
003 IN-NITTTR
005 20251114233134.0
008 251113s9999||||xx |||||||||||||| ||eng||
040 _beng
040 _cIN-NITTTR
041 _aeng
082 _a370.113028 I8R
100 _aInternational Labour Office,
245 0 _aRadio and Television Repair. /
_cInternational Labour Office
942 _2ddc
_cBK
999 _c16929
_d16929